000
00351nam a2200145Ia 4500
008
240624s9999 xx 000 0 und d
041
_a
eng
082
_a
003 RAJ
100
_a
RAJARAMAN V
245
_a
ANALYSIS AND DESIGN OF INFORMATION SYSTE
250
_a
(2nd ed.)
260
_c
2004
_a
New Delhi
_b
Prentice-Hall
300
_a
xi, : 292
365
_c
RS
999
_c
136
_d
136